INDIAN HISTORY FOR LAW STUDENTS (Record no. 9570)
[ view plain ]
| 000 -LEADER | |
|---|---|
| fixed length control field | 00314nam a22001457a 4500 |
| 003 - CONTROL NUMBER IDENTIFIER | |
| control field | SGT |
| 082 ## - DEWEY DECIMAL CLASSIFICATION NUMBER | |
| Classification number | 954,MYN |
| 100 ## - MAIN ENTRY--PERSONAL NAME | |
| Personal name | MYNENI,S.R |
| 245 ## - TITLE STATEMENT | |
| Title | INDIAN HISTORY FOR LAW STUDENTS |
| 250 ## - EDITION STATEMENT | |
| Edition statement | 2ND |
| 260 ## - PUBLICATION, DISTRIBUTION, ETC. (IMPRINT) | |
| Place of publication, distribution, etc | FARIDABAD |
| Name of publisher, distributor, etc | ALLAHABAD LAW AGENCY |
| Year of Publication | 2013 |
| 300 ## - PAGE DESCRIPTION | |
| No. of Pages | 484 |
| 650 ## - SUBJECT ADDED ENTRY--TOPICAL TERM | |
| Topical term or geographic name as entry element | HISTORY |
| 942 ## - ADDED ENTRY ELEMENTS (KOHA) | |
| Source of classification or shelving scheme | Dewey Decimal Classification |
| Koha item type | Books |
| 942 ## - ADDED ENTRY ELEMENTS (KOHA) | |
| -- | 21 |
| Withdrawn status | Lost status | Source of classification or shelving scheme | Damaged status | Not for loan | Collection code | Home library | Current library | Shelving location | Date acquired | Vendor Name | Cost, normal purchase price | SGTU | Bill Number | Total Checkouts | Total Renewals | Full call number | Accession No. (Barcode) | Checked out | Date last seen | Date last borrowed | Bill Date | Koha item type |
|---|---|---|---|---|---|---|---|---|---|---|---|---|---|---|---|---|---|---|---|---|---|---|
| Dewey Decimal Classification | LAW | SGT Science & Social Sciences Library | SGT Science & Social Sciences Library | Text Book | 21/07/2016 | SATYAM BOOKS | 275.00 | SGTU | 2014-01-22 | 21 | 6 | 954,MYN | FL82 | 03/01/2021 | 20/11/2020 | 20/11/2020 | 22/01/2014 | Books | ||||
| Dewey Decimal Classification | LAW | SGT Science & Social Sciences Library | SGT Science & Social Sciences Library | Text Book | 21/07/2016 | SATYAM BOOKS | 275.00 | SGTU | 2014-01-22 | 38 | 8 | 954,MYN | FL83 | 27/10/2025 | 10/10/2025 | 22/01/2014 | Books | |||||
| Dewey Decimal Classification | Not For Loan | LAW | SGT Science & Social Sciences Library | SGT Science & Social Sciences Library | Reference Book | 21/07/2016 | SATYAM BOOKS | 275.00 | SGTU | 2014-01-22 | 954,MYN | FL84 | 21/07/2016 | 22/01/2014 | Books | |||||||
| Dewey Decimal Classification | LAW | SGT Science & Social Sciences Library | SGT Science & Social Sciences Library | Text Book | 21/07/2016 | SATYAM BOOKS | 275.00 | SGTU | 2014-01-22 | 14 | 954,MYN | FL85 | 15/11/2025 | 30/10/2025 | 22/01/2014 | Books | ||||||
| Dewey Decimal Classification | LAW | SGT Science & Social Sciences Library | SGT Science & Social Sciences Library | Text Book | 21/07/2016 | SATYAM BOOKS | 275.00 | SGTU | 2014-01-22 | 27 | 9 | 954,MYN | FL86 | 27/10/2025 | 10/10/2025 | 22/01/2014 | Books |